000 00204 a2200097 4500
245 _aThe battle for Rhodesia
_hText
100 _aDouglas Reed
650 _aHistory
005 20191017173326.0
260 _bHaum
_c1966
084 _aNONE
999 _c10104
_d10104